000 00386nam a2200157 i 4500
001 bg
100 1 _aButnicki, Stanisław.
245 1 0 _aSpawalność i kruchość stali /
_cS. Butnicki.
250 _aWyd.3 popr. i uzup.
260 _aWarszawa,
_c1991.
040 _cBPK
041 _apol
080 _a669.1:621.791/.795
942 _cKS
008 s pl f |000 0 pol
999 _c4346
_d4346
856 _uhttp://koha.tu.koszalin.pl/cgi-bin/koha/opac-detail.pl?biblionumber=4346
_yKatalog online BPK